00553nam a2200169Ia 4500003000400000008004100004040001600045082001900061100003400080245008400114260004600198300001100244490000500255650005300260650001500313650005500328GCL140319s9999 xx 000 0 ara d aGCL / cGCL04a956.048bع ح1 aعبدالوهاب زيتون10aالحروب الصليبية هل انتهت / cعبدالوهاب زيتون a[S.N] : bدار المعرفة ، c1992 a260 ص a04aالنزاع العربى الاسرائيلى04aالحرب04aالحرب العربية الاسرائيلية